00278nam a2200121Ia 4500008004100000082001600041100002000057245002500077250001200102260002600114300000800140650000800148191201s2010 xx 000 0 und d a658.15bDAM aDAMODARAN, Suma 0aManagerial Economics a2nd IMP aN.DelhibOxfordc2010 a591 aMBA